| 000 | 00398cam a2200145ua 4500 | ||
|---|---|---|---|
| 041 |
_aeng _h |
||
| 082 |
_a930 _bBRE/BU |
||
| 100 | _aBrendon, J A . | ||
| 245 |
_aBuildings of the modern world : The childhood of the wester nations, Book 1 / _cJ A Brendon. _hTextual Documents |
||
| 260 |
_aLondon : _bEdward Arnold , _c1955. |
||
| 300 | _a192 ; . | ||
| 504 | _a | ||
| 942 | _cBK | ||
| 999 |
_c424 _d424 |
||